¿Por qué fracasan las políticas públicas? (Record no. 74585)

MARC details
000 -CABECERA
campo de control de longitud fija 00542nam a2200205 a 4500
005 - FECHA Y HORA DE LA ÚLTIMA TRANSACCIÓN
campo de control 20210219153341.0
008 - ELEMENTOS DE LONGITUD FIJA--INFORMACIÓN GENERAL
campo de control de longitud fija 991125n 000 0 spa u
035 ## - NÚMERO DE CONTROL DEL SISTEMA
Número de control de sistema UPN01000093154
100 1# - ASIENTO PRINCIPAL--NOMBRE PERSONAL
Nombre de persona Brown César, Javier
222 #0 - TÍTULO CLAVE
Título clave BIEN COMUN Y GOBIERNO
245 00 - MENCIÓN DE TÍTULO
Título ¿Por qué fracasan las políticas públicas?
260 ## - PUBLICACIÓN, DISTRIBUCIÓN, ETC.
Lugar de publicación, distribución, etc. México
300 ## - DESCRIPCIÓN FÍSICA
Extensión 59-69
362 0# - FECHAS DE PUBLICACIÓN Y/O DESIGNACIÓN SECUENCIAL
Fecha de publicación y/o designación secuencial 2000 Año 6, no. 67, jun.
653 0# - TERMINO DE INDIZACION - NO CONTROLADO
Término no controlado ADMINISTRACION PUBLICA
653 0# - TERMINO DE INDIZACION - NO CONTROLADO
Término no controlado MEXICO
653 0# - TERMINO DE INDIZACION - NO CONTROLADO
Término no controlado POLITICA EDUCATIVA
904 ## - ELEMENTOS DE DATOS D LOCAL, LDD (RLIN)
a AC
b 030965
905 ## - TIPO DE MATERIAL
Tipo de material Articulo

No items available.